I love my magic! / (Record no. 387513)
[ view plain ]
| 000 -LEADER | |
|---|---|
| fixed length control field | 01800cam a22004698i 4500 |
| 001 - CONTROL NUMBER | |
| control field | on1319834510 |
| 003 - CONTROL NUMBER IDENTIFIER | |
| control field | OCoLC |
| 005 - DATE AND TIME OF LATEST TRANSACTION | |
| control field | 20230906160426.0 |
| 008 - FIXED-LENGTH DATA ELEMENTS--GENERAL INFORMATION | |
| fixed length control field | 220524t20232023nyua b 000 1 eng |
| 010 ## - LIBRARY OF CONGRESS CONTROL NUMBER | |
| LC control number | 2022007148 |
| 020 ## - INTERNATIONAL STANDARD BOOK NUMBER | |
| International Standard Book Number | 9781534497696 |
| Qualifying information | (hardcover) |
| 020 ## - INTERNATIONAL STANDARD BOOK NUMBER | |
| International Standard Book Number | 1534497692 |
| Qualifying information | (hardcover) |
| 029 1# - (OCLC) | |
| OCLC library identifier | UKMGB |
| System control number | 021129059 |
| 035 ## - SYSTEM CONTROL NUMBER | |
| System control number | (OCoLC)1319834510 |
| Canceled/invalid control number | (OCoLC)1322058809 |
| 040 ## - CATALOGING SOURCE | |
| Original cataloging agency | DLC |
| Language of cataloging | eng |
| Description conventions | rda |
| Transcribing agency | DLC |
| Modifying agency | YDX |
| -- | OCLCF |
| -- | BDX |
| -- | TOH |
| -- | UKMGB |
| -- | JQW |
| -- | IK2 |
| -- | SINLB |
| -- | RNL |
| -- | ILC |
| -- | CLE |
| -- | JBI |
| -- | Z#6 |
| -- | UOK |
| 042 ## - AUTHENTICATION CODE | |
| Authentication code | pcc |
| 049 ## - LOCAL HOLDINGS (OCLC) | |
| Holding library | UOKA |
| 050 00 - LIBRARY OF CONGRESS CALL NUMBER | |
| Classification number | PZ7.1.M5815 |
| Item number | Iau 2023 |
| 082 00 - DEWEY DECIMAL CLASSIFICATION NUMBER | |
| Classification number | [E] |
| Edition number | 23 |
| 092 ## - LOCALLY ASSIGNED DEWEY CALL NUMBER (OCLC) | |
| Classification number | children holiday book |
| Item number | Miller |
| 100 1# - MAIN ENTRY--PERSONAL NAME | |
| Personal name | Miller, Kelly Leigh |
| Relator term | author, |
| -- | illustrator. |
| 9 (RLIN) | 6368736 |
| 245 10 - TITLE STATEMENT | |
| Title | I love my magic! / |
| Statement of responsibility, etc | Kelly Leigh Miller. |
| 250 ## - EDITION STATEMENT | |
| Edition statement | First edition. |
| 264 #1 - Production, Publication, Distribution, Manufacture, and Copyright Notice. | |
| Place of production, publication, distribution, manufacture | New York : |
| Name of producer, publisher, distributor, manufacturer | Simon & Schuster Books for Young Readers, |
| Date of production, publication, distribution, manufacture, or copyr | [2023] |
| 264 #4 - Production, Publication, Distribution, Manufacture, and Copyright Notice. | |
| Date of production, publication, distribution, manufacture, or copyr | �2023 |
| 300 ## - PHYSICAL DESCRIPTION | |
| Extent | 1 volume (unpaged) : |
| Other physical details | color illustrations ; |
| Dimensions | 27 cm |
| 336 ## - Content Type | |
| Content type term | text |
| 336 ## - Content Type | |
| Content type term | still image |
| 337 ## - Media type | |
| Media type term | unmediated |
| 338 ## - Carrier type | |
| Carrier type term | volume |
| 520 ## - SUMMARY, ETC. | |
| Summary, etc | After she gets her wand taken away at school, a little witch learns to appreciate magic and when it is appropriate to use it! |
| 521 ## - TARGET AUDIENCE NOTE | |
| Target audience note | Ages 4-8. |
| Source | Simon & Schuster Books for Young Readers. |
| 521 ## - TARGET AUDIENCE NOTE | |
| Target audience note | Grades 2-3. |
| Source | Simon & Schuster Books for Young Readers. |
| 650 #0 - SUBJECT ADDED ENTRY--TOPICAL TERM | |
| Topical term or geographic name as entry element | Witches |
| Form subdivision | Juvenile fiction |
| 9 (RLIN) | 5673737 |
| 650 #0 - SUBJECT ADDED ENTRY--TOPICAL TERM | |
| Topical term or geographic name as entry element | Schools |
| Form subdivision | Juvenile fiction |
| 650 #0 - SUBJECT ADDED ENTRY--TOPICAL TERM | |
| Topical term or geographic name as entry element | Magic |
| Form subdivision | Juvenile fiction |
| 9 (RLIN) | 5673690 |
| 655 #7 - INDEX TERM--GENRE/FORM | |
| Genre/form data or focus term | Witch fiction |
| Source of term | lcgft |
| 9 (RLIN) | 6412105 |
| 655 #7 - INDEX TERM--GENRE/FORM | |
| Genre/form data or focus term | School fiction |
| Source of term | lcgft |
| 9 (RLIN) | 6407078 |
| 655 #7 - INDEX TERM--GENRE/FORM | |
| Genre/form data or focus term | Picture books |
| Source of term | lcgft |
| 710 2# - ADDED ENTRY--CORPORATE NAME | |
| Corporate name or jurisdiction name as entry element | Simon and Schuster, Inc. |
| Subordinate unit | Children's Publishing Division |
| Relator term | publisher. |
| 9 (RLIN) | 6472443 |
| 942 ## - ADDED ENTRY ELEMENTS (KOHA) | |
| Source of classification or shelving scheme | Dewey Decimal Classification |
| Koha item type | BOOK |
| Withdrawn status | Lost status | Source of classification or shelving scheme | Damaged status | Not for loan | Collection code | Home library | Current library | Shelving location | Date acquired | Source of acquisition | Total Checkouts | Total Renewals | Full call number | Barcode | Date last seen | Date checked out | Cost, replacement price | Price effective from | Koha item type |
|---|---|---|---|---|---|---|---|---|---|---|---|---|---|---|---|---|---|---|---|
| Dewey Decimal Classification | Children Holiday Books | Wasatch County Library | Wasatch County Library | Main Floor Childrens Area | 09/06/2023 | Micromarketing | 10 | 7 | E Halloween Miller | 34301002037960 | 12/23/2025 | 10/01/2025 | 18.99 | 09/06/2023 | BOOK |
